01644nam a2200385 a 4500001001000000003000500010005001700015008004100032010001100073011001100084040000900095090001000104100004500114245016700159260004100326500006000367502008100427590003700508590004100545590004000586590004000626650004800666650003300714650002500747650003500772700004700807856001600854856007000870901000700940942001000947942000600957999001900963952013600982952014001118000111009CHAP20220329144154.0141124s2014 mx sm |||||||spa d a107471 a108443 cCHAP aTesis1 aÁlvarez Hernández, Francisco912879710aCondiciones higrogeológicas del Municipio del Rayón, San Luis Potosíh[En línea]cpor Francisco Álvarez Hernández y Ángel Eduardo López Vázquez. aChapingo, Méx. :bEl autor,c2014. aPara ver el contenido del material haga clic en la liga aTesis (Ing. Agr. Esp. en Irrigación) -- UACH. Departamento de Irrigación aBATCHb00c20181121lUCH01h0758 aE11695DGDb10c20141124lUCH01h1436 aE5765TAJb05c20141124lUCH01h1123 aE5765TAJb05c20141124lUCH01h112414aAgua subterráneaxSan Luis Potosí9247814aAguaxAprovechamiento.9228214aAguaxCalidad.9231614aCuencas hidrológicas.9300921 aLópez Vásquez, Ángel Eduardo9128798 a1 n0000286 aFinding aiduhttp://10.13.5.2/tesis/sist111009.pdfzTeclea aquí aBK cTESIS n0 c107471d107471 00104054718TESISaBCbBCd2014-11-24fTESISl0oTesisp33724002433058r2019-12-31 00:00:00w2019-12-31yTESISzRecien adquirido 00102local4053708TESISaBCbBCcPA_TESISd2014-11-24fTESISl0oTesisp33724002433090r2019-12-31 00:00:00tc.2w2019-12-31yTESIS